| 000 | 01278 a2200277 4500 | ||
|---|---|---|---|
| 005 | 20160301161802.0 | ||
| 008 | 160301s2015 ck a|||fr|||| 000 0 spa d | ||
| 020 | _a9789587631364 | ||
| 040 |
_aCO-BoUCM _bspa _cSandra Palacio _dSandra Palacio |
||
| 041 | 0 | _aspa | |
| 100 | 1 |
_aFernández Fonseca, Édgar _975967 |
|
| 245 | 1 | 0 |
_aUrdimbres y tramas de las prácticas en responsabilidad social _buna sistematización de experiencias desde el CED UNIMINUTO - Vicerectoría Regional Bogotá Sur _cÉdgar Fernández Fonseca, Andrea del Pilar García Donato, Yarledy Gutierrez Henao, Lia Esther Lemuz Gómez |
| 260 |
_bUniminuto _c2015 _aBogotá (Colombia) |
||
| 300 |
_a127 páginas _bilustraciones |
||
| 490 | 0 | _aColección de investigación | |
| 504 | _aIncluye referencias bibliográficas | ||
| 610 |
_aCorporación Universitaria Minuto de Dios _vAspectos sociales _975968 |
||
| 650 | 7 |
_925978 _aUniversidades _vAspectos sociales _zColombia |
|
| 650 | 7 |
_923693 _aResponsabilidad social |
|
| 690 |
_aEducación superior _9177 |
||
| 700 | 1 |
_aGarcía Donato, Andrea del Pilar _975969 |
|
| 700 | 1 |
_aGutíerrez Henao, Yarledy _975970 |
|
| 700 | 1 |
_aLemuz Gómez, Lia Esther _975971 |
|
| 942 |
_cLIBRO _2DEWEY _a10 _e1 _h378.015 _mF365ur |
||
| 999 |
_c302778 _d302778 |
||